Geography Quiz

Random Geography or State Quiz

The Colorado Quiz Stats

 Plays Quiz not verified by Sporcle

Support Sporcle.
Go Orange.
Score 0/33 Timer 04:00
0 Plays Today
Hint Answer % Correct
Capital CityDenver
98%
Largest CityDenver
98%
NFL TeamDenver Broncos
93.9%
Bordering StateUtah
92.8%
Bordering StateNew Mexico
92.5%
State ShapeSquare
92.2%
Bordering StateWyoming
91.9%
Bordering StateKansas
90.1%
MLB TeamColorado Rockies
89.6%
NBA TeamDenver Nuggets
88.7%
Bordering StateNebraska
87.8%
Time ZoneMountain Time Zone
87.8%
NHL TeamColorado Avalanche
87%
Bordering StateOklahoma
85.2%
Bordering StateArizona
84.9%
Military AcademyAir Force Academy
78.3%
Zebulon's Famous MountainPike's Peak
76.8%
Hint Answer % Correct
Stan, Kyle, Cartman, and Kenny's HometownFairplay
74.8%
Largest National Park in the StateRocky Mountain National Park
72.8%
State FlowerRocky Mountain Columbine
69.3%
Year of Statehood1876
66.1%
NicknameThe Centennial State
63.8%
Second Largest CityColorado Springs
61.7%
Current GovernorJohn Hickenlooper
54.2%
Highest PointMount Elbert
47%
MLS TeamColorado Rapids
45.5%
Oldest UniversityUniversity of Denver (Colorado Seminary)
34.5%
State AnimalRocky Mountain Bighorn Sheep
30.4%
State BirdLark Bunting
26.7%
State Song''Rocky Mountain High''
22.9%
State FossilStegosaurus
15.4%
State Song''Where the Columbines Grow''
8.1%
First GovernorJohn Long Routt
6.4%

You're not logged in!

Compare scores with friends on all Sporcle quizzes.
OR
Log In

From the Vault

One-Letter-Hint 'A' Countries

by kfastic

If you ask for directions to 'A__O__' you might get some funny looks.
Remove Ads.
Support Sporcle.
Get the best of Sporcle when you Go Orange. This ad-free experience offers more features, more stats, and more fun while also helping to support Sporcle. Thank you for becoming a member.

Show Comments

Extras

Created Feb 18, 2011SourceReportNominate
Tags:State Quiz, colorado

Top Quizzes Today


Score Distribution

Your Account Isn't Verified!

In order to create a playlist on Sporcle, you need to verify the email address you used during registration. Go to your Sporcle Settings to finish the process.

Report this User

Report this user for behavior that violates our Community Guidelines.

Details: